| 000 | 01541namaa2200337 i 4500 | ||
|---|---|---|---|
| 003 | EG-GICUC | ||
| 005 | 20260509140233.0 | ||
| 008 | 260509s1997 ua |||jr|||| 001 0 ara d | ||
| 017 |
_a83 / 2552 _bدار الكتب والوثائق القومية (مصر) |
||
| 020 | _a9775050057 | ||
| 040 |
_aEG-GiCUC _bara _cEG-GiCUC _dEG-GiCUC _erda |
||
| 082 | 0 | 4 |
_221 _a230 _bA871 |
| 092 | 0 | 4 |
_221 _a230 _bA871 |
| 099 | _a230 A871 1997 | ||
| 100 | 1 |
_aابن الاثير، مجد الدين المبارك بن محمد، _d1149-1209 _eمؤلف. |
|
| 245 | 1 |
_aمنال الطالب فى شرح طوال الغرائب/ _cمجد الدين أبى السعادات المبارك بن محمد ؛ تحقيق الدكتور محمود محمد الطناحى. |
|
| 250 | _aالطبعة الثانية | ||
| 264 |
_aالقاهرة (مصر) : _bمكتبة الخانجى، _c1997. |
||
| 300 |
_aمجلد 2 (1-764) _b؛ _c25 سم |
||
| 336 |
_2rdacontent _atext |
||
| 337 |
_2rdamedia _aUnmediated |
||
| 338 |
_2rdacarrier _avolume |
||
| 504 | _aيشتمل على ارجاعات ببليوجرافية وفهارس. | ||
| 505 | _aالمجلد الاول. دون عنوان خاص -- المجلد الثانى . فى أحاديث الصحابة والتابعين رضى الله عنهم | ||
| 541 |
_aد. جابر عصفور ؛ _bالقاهرة ؛ _cإهداء ؛ _d2024. |
||
| 650 | 1 | 7 |
_aالحديث _xشرح _2qrmak |
| 651 | 1 | _2qrmak | |
| 700 | 1 |
_aالطناحى، محمود محمد _eمحقق. |
|
| 905 | _aAya | ||
| 942 |
_2ddc _cBK _e21 _n0 |
||
| 999 |
_c180035 _d180035 |
||